Historia de la novela hispanoamericana /

Fernando Alegría se graduó en la Universidad de Chile y se doctoró en la de California. A partir de 1947 inició su trayectoria como profesor de literatura hispanoamericana, principalmente en Berkeley y Stanford. Su obra comprende, entre otros títulos, las novelas Lautaro, Caballo de copas, Mañana lo...

Deskribapen osoa

Gorde:
Xehetasun bibliografikoak
Egile nagusia: Alegría, Fernando (autor)
Formatua: Liburua
Hizkuntza:gaztelania
Argitaratua: México : Andrea, 1966, c1966
Edizioa:3a edición
Saila:(Historia Literaria de Hispanoamérica ; 1)
Gaiak:
Etiketak: Etiketa erantsi
Etiketarik gabe, Izan zaitez lehena erregistro honi etiketa jartzen!

MARC

LEADER 00000nam^a2200000^a^4500
001 000131458
005 20250521000000.0
009 20260310095023.205
037 |a Acervo ITESO - Biblioteca 
041 |a ESP 
082 |a 860. 980  |b ALE 
100 |a Alegría, Fernando  |e (autor) 
240 1 1 |a [Historia literaria de Hispanoamérica] 
245 1 0 |a Historia de la novela hispanoamericana /  |c F. Alegría. 
250 |a 3a edición 
264 4 |a México :  |b Andrea,  |c 1966, c1966 
300 |a 301 p. 
336 |a texto  |b txt  |2 rdacontenido 
337 |a sin mediación  |b n  |2 rdamedio 
338 |a volumen  |b nc  |2 rdasoporte 
440 1 |a (Historia Literaria de Hispanoamérica ;  |v 1) 
520 |a Fernando Alegría se graduó en la Universidad de Chile y se doctoró en la de California. A partir de 1947 inició su trayectoria como profesor de literatura hispanoamericana, principalmente en Berkeley y Stanford. Su obra comprende, entre otros títulos, las novelas Lautaro, Caballo de copas, Mañana los guerreros y Los días contados y el libro de poesía Viva Chile M!. Hispanoamérica y su literatura han sido el motivo de varias de sus obras de ensayo: Literatura y revolución, Walt Whitman en Hispanoamérica, Historia de la novela hispanoamericana, La poesía chilena: orígenes y desarrollo del siglo XVI al XIX y La literatura chilena del siglo XX. Obtuvo el Premio Latinoamericano de Literatura (1943), el Premio Atenea (1947) y el Premio Municipal (1948), por citar los reconocimientos más destacados. 
520 |a Esta obra es parte de una colección de ocho volumenes de autores diferentes. Los tres primeros abarcan cada uno un género: novela, cuento y teatro. Este tomo esta dedicado a la novela y abarca desde sus orígenes en el siglo XVI hasta el siglo XIX; en una segunda sección se incluye el siglo XX que incluye temas como: la novela modernista, la novela de la Revolución Mexicana, el regionalismo y el neorealismo. 
649 |a XX 
650 |a Novela Latinoamericana -  |x Historia y Crítica -  |x Tema Principal 
650 |a Novela de la Revolución -  |x Historia y Crítica 
650 |a Novela Mexicana 
650 |a Literatura Latinoamericana -  |x Historia y Crítica 
910 |a Fondo Salvador Reynoso Reynoso 
920 |a Impresos - Libros 
930 |a Fondos Especiales 
940 |a Literatura 
905 |a 112 
901 |a 0800011935  |b IT2  |c ESP  |u 20250521 
902 |a https://opac.biblio.iteso.mx/vufind/Record/000131458